| 000 | 01065nam a2200313 c 4500 | ||
|---|---|---|---|
| 003 | BLK | ||
| 005 | 20241106103327.0 | ||
| 008 | 180413b bul|||||r ||||||| ||bul|| | ||
| 010 | _aKNG00018400000 | ||
| 040 | _aBLK | ||
| 041 |
_aBUL _cBUL |
||
| 080 |
_aБългарска литература _b821.163.2 _x-31 _z821.163.2-31 |
||
| 100 | 1 |
_aЛюцканова, Весела _qИванова, Весела Люцканова _9382271 |
|
| 139 |
_aЛюцканова, Весела _bЛ 97 |
||
| 245 | 1 | 0 |
_aЖивот на ръба _bРоман _cВесела Люцканова. |
| 257 | _aBGR | ||
| 260 |
_аСофия _bВесела Люцканова _c1997 _fВ. Търново : Абагар |
||
| 300 |
_a224 с. _c20 см |
||
| 380 | _aX | ||
| 490 | 1 | _aКолекция Автограф | |
| 500 | _a1 000 тир. | ||
| 653 | _aромани | ||
| 852 | _aЦб 192166 | ||
| 856 | 4 |
_qpdf _u |
|
| 856 | 4 |
_qpdf _u |
|
| 942 |
_cKNG _n0 _02 |
||
| 944 |
_aCR _c15.01.2003 _lМинев Младен _k30530 |
||
| 944 |
_aED _c16.08.2011 _lф / _k |
||
| 999 |
_c16521 _d16521 |
||